#1 Duets and Collaborations of the 2000s Quiz - Statistics

General Stats
  • This quiz has been taken 36 times
  • The average score is 18 of 68
Answer Stats
Year Singers Song % Correct
2009 Owl City Fireflies
68%
2009 Jay Z, Alicia Keys Empire State of Mind
59%
2006 Shakira, Wyclef Jean Hips Don't Lie
55%
2003 Beyoncé, Jay Z Crazy in Love
50%
2003 Outkast Hey Ya!
50%
2009 Lady Gaga, Colby O'Donis Just Dance
50%
2007 Rihanna, Jay Z Umbrella
50%
2009 The Black Eyed Peas Boom Boom Pow
45%
2007 Soulja Boy Tell 'Em Crank That (Soulja Boy)
45%
2001 Christina Aguilera, Lil' Kim, Mýa, and Pink Lady Marmalade
45%
2008 Flo Rida, T Pain Low
45%
2004 Usher, Lil Jon, Ludacris Yeah!
45%
2005 Kanye West, Jamie Foxx Gold Digger
41%
2009 The Black Eyed Peas I Gotta Feeling
41%
2006 Chamillionaire, Krayzie Bone Ridin'
41%
2008 T.I., Rihanna Live Your Life
36%
2006 Nelly Furtado, Timbaland Promiscuous
36%
2009 Flo Rida, Kesha Right Round
36%
2008 Coldplay Viva la Vida
36%
2003 Jennifer Lopez, LL Cool J All I Have
32%
2009 Jay Sean, Lil Wayne Down
32%
2007 Fergie, Ludacris Glamorous
32%
2007 Plain White T's Hey There Delilah
32%
2000 Destiny's Child Say my Name
32%
2001 Shaggy, Rayvon Angel
27%
2003 Beyoncé, Sean Paul Baby Boy
27%
2002 Nelly, Kelly Rowland Dilemma
27%
2001 Shaggy It Wasn't Me
27%
2007 Chris Bown, T Pain Kiss Kiss
27%
2006 Justin Timberlake, Timbaland SexyBack
27%
2005 50 Cent, Olivia Candy Shop
23%
2006 Beyoncé, Big B, Slim Thug Check on It
23%
2004 Snoop Dogg, Pharrell Drop It Like It's Hot
23%
2007 Timbaland, Nelly Furtado, Justin Timberland Give it to Me
23%
2001 Jennifer Lopez, Ja Rule I'm Real
23%
2006 Akon, Snoop Dogg I Wanna Love You
23%
2000 Santana, The Product G&B Maria Maria
23%
2004 Usher, Alicia Keys My Boo
23%
2000 Santana, Rob Thomas Smooth
23%
2002 Ja Rule, Ashanti Always on Time
18%
2003 B2K, P. Diddy Bump, Bump, Bump
18%
2004 Ciara, Petey Pablo Goodies
18%
2006 Nelly, Paul Wall, Ali, Gipp Grillz
18%
2001 Nickelback How You Remind Me
18%
2004 Terror Squad, Fat Joe, Remy Lean Back
18%
2008 Lil Wayne, Static Lollipop
18%
2001 Outkast Ms. Jackson
18%
2006 Justin Timberlake, T.I. My Love
18%
2003 50 Cent, Nate Dogg 21 Questions
14%
2001 Destiny's Child Bootylicious
14%
2001 Crazy Town Butterfly
14%
2000 Savage Garden I Knew I Loved You
14%
2000 'N Sync It's Gonna Be Me
14%
2000 Lonestar Amazed
9%
2000 Matchbox Twenty Bent
9%
2007 T-Pain, Yung Joc Buy U a Drank (Shawty Snappin')
9%
2009 Eminem, Dr. Dre, 50 Cent Crack a Bottle
9%
2000 Vertical Horizon Everything You Want
9%
2001 Destiny's Child Independent Women Part I
9%
2008 Usher, Young Jeezy Love in this Club
9%
2007 Maroon 5 Makes me Wonder
9%
2006 Ludacris, Pharrell Money Maker
9%
2004 Twista, Kanye West, Jamie Foxx Slow Jamz
9%
2000 Mariah Carey, Joe, 98 Degrees Thank God I Found You
9%
2000 Creed With Arms Wide Open
9%
2003 Nelly, P. Diddy, Murphy Lee Shake Ya Tailfeather
5%
2003 Ludacris, Shawnna Stand Up
5%
2004 Outkast, Sleepy Brown The Way You Move
5%
No matching quizzes found
Score Distribution
Percent of People with Each Score
Percentile by Number Answered
Your Score History
You have not taken this quiz